| 000 | 00000nam##2200000za#4500 |
| 001 | 9.690417 |
| 003 | CaOODSP |
| 005 | 20210624232321 |
| 007 | cr ||||||||||| |
| 008 | 150407|2007||||xxc|||||o f|0| 0 eng|d |
| 020 | |a978-0-662-47213-1 |
| 040 | |aCaOODSP|beng |
| 043 | |an-cn--- |
| 086 | 1 |aH164-58/2007E-PDF |
| 110 | 1 |aCanada. |bHealth Canada. |
| 245 | 10|aMarket Health Products Directorate - retrospective : |h[electronic resource]|bthe first five years - 2002-2007 |
| 260 | |aOttawa - Ontario : |bHealth Canada |cc2008. |
| 300 | |a28p.|bcoloured figs., coloured illus., graphs, photographs |
| 590 | |a12-42-Supp|b2012-11-21 |
| 690 | 07|aHealth care products|2gcpds |
| 775 | 08|tDirection des produits de santé commercialisés - rétrospective : |w(CaOODSP)9.634781 |
| 856 | 40|ahttp://publications.gc.ca|qPDF|s1.69 MB|uhttps://publications.gc.ca/collections/collection_2012/sc-hc/H164-58-2007-eng.pdf |
| 986 | |aHC Pub. : 1435 |